| 000 | 01611nas a2200289 i 4500 | ||
|---|---|---|---|
| 003 | DO-SdBNP | ||
| 005 | 20251217112552.0 | ||
| 007 | ta | ||
| 008 | 251029e2025 dr |||p|r||||||0| | spa d | ||
| 040 |
_aDO-SdBNP _bspa _cBNPHU _erda |
||
| 041 | _aspa | ||
| 110 |
_aRefinería Dominicana de Petróleo, S.A (Refidomsa) _986469 |
||
| 245 |
_aRefidomsa : _binforme final. |
||
| 264 |
_aSanto Domingo, República Dominicana : _bRefidomsa, _c2025. |
||
| 300 |
_avolumen : _bilustraciones, fotografías, gráficas, mapas, tablas ; _c30 cm. |
||
| 310 | _aDesconocida. | ||
| 336 |
_atexto _btxt _2rdacontent |
||
| 337 |
_asin mediación _bn _2rdamedia |
||
| 338 |
_avolumen _bnc _2rdacarrier |
||
| 362 | _aAño 2025. | ||
| 500 | _aReconstrucción de la historia termal de las cuencas sedimentarias de la República Dominicana. | ||
| 520 | _aEn esta oportunidad divulgamos el resumen condensado (Informe Final) de las investigaciones que contienen informaciones aún más relevantes, destinadas a fundamentar, con más precisión, hallazgos de una significación extraordinaria que aumentan nuestras expectativas sobre la presencia de yacimientos de hidrocarburos, cuya documentación concreta será parte de las siguientes etapas investigativas en el campo... | ||
| 650 | 0 |
_aExplotación minera _xCuencas sedimentarias _vPublicaciones periódicas _vInforme final _zRepública Dominicana _988730 |
|
| 650 | 0 |
_aPetróleo y gas _xExplotación _vPublicaciones periódicas _zRepública Dominicana _988731 |
|
| 650 | 0 |
_aYacimientos minerales _vPublicaciones periódicas _zRepública Dominicana _988732 |
|
| 942 |
_2ddc _cISSUE |
||
| 999 |
_c59985 _d59985 |
||